Atlanta Hawks NBA Finals Starters - Statistics

General Stats
  • This quiz has been taken 248 times
  • The average score is 3 of 10
Answer Stats
Finals Players % Correct
1957, 1958, 1960, 1961 Bob Pettit
97%
1961 Lenny Wilkens
52%
1957, 1958, 1960, 1961 Cliff Hagan
46%
1958 Ed Macauley
22%
1960, 1961 Si Green
19%
1957, 1958 Slater Martin
19%
1960, 1961 Clyde Lovellette
18%
1957, 1958 Jack McMahon
13%
1957 Jack Coleman
9%
1960 Johnny McCarthy
9%
No matching quizzes found
Score Distribution
Percent of People with Each Score
Percentile by Number Answered
Your Score History
You have not taken this quiz